Sciencia (Record no. 101242)
[ view plain ]
| 000 -LEADER | |
|---|---|
| fixed length control field | 00431nam a22001457a 4500 |
| 005 - DATE AND TIME OF LATEST TRANSACTION | |
| control field | 20160712125127.0 |
| 008 - FIXED-LENGTH DATA ELEMENTS--GENERAL INFORMATION | |
| fixed length control field | 160712b xxu||||| |||| 00| 0 eng d |
| 022 ## - INTERNATIONAL STANDARD SERIAL NUMBER | |
| International Standard Serial Number | 2320-8422 |
| 245 ## - TITLE STATEMENT | |
| Title | Sciencia |
| 260 ## - PUBLICATION, DISTRIBUTION, ETC. (IMPRINT) | |
| Place of publication, distribution, etc | Bihar |
| Name of publisher, distributor, etc | Safali Samagra Angika Vikash Sansthan |
| 300 ## - PHYSICAL DESCRIPTION | |
| Extent | v. |
| Dimensions | 28 cm. |
| 310 ## - CURRENT PUBLICATION FREQUENCY | |
| Current publication frequency | Quarterly |
| 270 ## - ADDRESS | |
| Address | Sarai,Bhagalpur, |
| City | Bihar |
| Country | India |
| Postal code | 812002 |
| Electronic mail address | faruquealibgpt@gmail.com |
| Telephone number | 09431250795 |
| 942 ## - ADDED ENTRY ELEMENTS (KOHA) | |
| Source of classification or shelving scheme | Dewey Decimal Classification |
| Item type | Periodicals |
| Serial record | 1 |
| Call number suffix | SCI |
| Withdrawn status | Lost status | Source of classification or shelving scheme | Damaged status | Not for loan | Collection code | Home library | Current library | Date acquired | Source of acquisition | Total Checkouts | Full call number | Date last seen | Price effective from | Koha item type |
|---|---|---|---|---|---|---|---|---|---|---|---|---|---|---|
| Dewey Decimal Classification | Not For Loan | Non-fiction | D.B.Act.Division | D.B.Act.Division | 12/07/2016 | DBAD/PUB | SCI | 12/07/2016 | 12/07/2016 | Periodicals |
